Moderné technické prostriedky umeleckohistorického výskumu

Bibliographic Details
Main Author: Petrová-Pleskotová, Anna, 1930-2008 (Author)
Format: Article
Language:Slovak

MARC

LEADER 00000nab a2200000 a 4500
001 vtls011103317
003 SK-MaSNL
005 20260303150135.0
008 230222|1965 xo |||||||||||||||||slo|
015 |a SNBRB 
035 |a (uuid)62d906b1-f343-4c75-8bc6-4390db8cdc6d 
035 |a (urnnbn)urn:nbn:sk:snk:ar-a0838d 
035 |a urn:nbn:sk:snk-ab99v3 
040 |a SNKBUCL  |b slo  |c SNKBUCL  |e AACR2 
041 0 |a slo 
044 |a xo  |c SK 
100 1 |a Petrová-Pleskotová, Anna,  |d 1930-2008  |4 aut  |9 206176 
245 1 0 |a Moderné technické prostriedky umeleckohistorického výskumu  |c Anna Petrová-Pleskotová 
773 0 |t Svet vedy : populárnovedecký mesačník SAV a Čs. spoločnosti pre šírenie politických a vedeckých poznatkov  |g Roč. 12, č. 9 (1965), s. 547-[553] 
954 |a odborná, vedecká literatúra pôvodná (slovenská)  |2 lita 
958 |a OND 
958 |a EUIPO 
958 |a article13 
999 |c 2008151  |d 2010081